000 01017nam a2200265Ia 4500
003 OSt
005 20221005105636.0
006 a|||||r|||| 00| 0
007 ta
008 221004b |||||||| |||| 00| 0 hin d
020 _a8170556597 (hbk)
_c200
024 _a97507
037 _b1929, 18/03/2009, Pioneer Books Distributors
_cTextual
040 _aCRL
_cCRL
_bhin
041 _2hin
_ahin
082 _aV2:51.M57, 152P9
100 _aराही मासूम रज़ा
245 0 _aक्रान्ति कथा 1857
246 _aKrānti kathā 1857
260 _aनई दिल्ली
_bवाणी प्रकाशन भारत
_c2009
300 _a226पृ0
_ccm.
700 _a कुॅंवरपाल सिंह, संपा.
942 _hV2:51.M57, 152P9
_cTEXL
_2cc
999 _c1016439
_d1016439